书目信息 |
| 题名: |
粉体工程与设备
|
|
| 作者: | 陶珍东 , 郑少华 主编 | |
| 分册: | ||
| 出版信息: | 北京 化学工业出版社 2003.08 |
|
| 页数: | 365页 | |
| 开本: | 26cm | |
| 丛书名: | ||
| 单 册: | ||
| 中图分类: | TB44 | |
| 科图分类: | ||
| 主题词: | 粉末法 | |
| 电子资源: | ||
| ISBN: | 7-5025-4626-X | |
| 000 | 00609nam0 2200205 45 | |
| 001 | 0432692811 | |
| 005 | 2004042809045225 | |
| 010 | @a7-5025-4626-X@dCNY 50.00 | |
| 100 | @a20040428d2003 km y0chiy0120 ea | |
| 101 | 0 | @achi |
| 102 | @aCN@b110000 | |
| 200 | 1 | @a粉体工程与设备@AFen Ti Gong Cheng Yu She Bei@f陶珍东,郑少华主编@Ftao zhen dong,zheng shao hua zhu bian |
| 210 | @a北京@c化学工业出版社@d2003.08 | |
| 215 | @a365页@d26cm | |
| 606 | 0 | @a粉末法 |
| 690 | @aTB44@v3 | |
| 701 | 0 | @a陶珍东@Atao zhen dong@4主编 |
| 701 | 0 | @a郑少华@Azheng shao hua@4主编 |
| 801 | 0 | @aCN@bPFT@c20040428 |
| 905 | @dTB44@eT360 | |
| 粉体工程与设备/陶珍东,郑少华主编.-北京:化学工业出版社,2003.08 |
| 365页;26cm |
| ISBN 7-5025-4626-X:CNY 50.00 |
| ● |
| 相关链接 |
|
|
|
正题名:粉体工程与设备
索取号:TB44/T360
 
预约/预借
| 序号 | 登录号 | 条形码 | 馆藏地/架位号 | 状态 | 备注 |
| 1 | 391367 | 203913676 | 自科库501/501自科库 15排2列4层/ [索取号:TB44/T360] | 在馆 | |
| 2 | 391368 | 203913685 | 自科库501/501自科库 15排2列4层/ [索取号:TB44/T360] | 在馆 |